000 00702nam a2200217Ia 4500
005 20241129105931.0
008 241129s9999||||xx |||||||||||||| ||und||
020 _a978-81-7178-971-9
037 _aTB
040 _aARTS
_bhin
_cARTS
041 _ahin
_2hin
084 _aO152,3NKA,KA Q5
_qARTS
100 _aकक्कड़, सुधीर, ले.
245 0 _aकामयोगी
_cकक्कड़, सुधीर, ले.
260 _aनई दिल्ली, भारत
_bराजकमल प्रकाशन
_c2012
300 _a230पृ0
365 _aINR
_b450
650 _aHindi Fiction
942 _cTB
_hO152,3NKA,KA Q5
999 _c1226650
_d1226650